000 00863nam0a22002291 4500
001 rc\2666093
005 20250529194517.0
035 _a(NLR Aleph) 006972628
090 _a5455872
_c5455873
100 _a20110619f19201935|||y0rusy50 ca
101 0 _arus
102 _aRU
105 _ay z |||||
200 1 _aСборник тем по займу рабочих предложений
_fСоболево-Щелковск. комбинат
210 _a[Щелково]
_cПартком, Фабрико-упр. и Фабком Соболево-Щелковск. комбината
_dБ. г.
_e[Москва]
_gтип. ВЦИК
215 _a15 с.
_d14х10 см
710 0 2 _aСоболево-Щелковский комбинат
_cЩелково
801 0 _aRU
_bNLR
_gpsbo
801 1 _aRU
_bELAR
_2rusmarc
852 _aNLR
_j31-8/8487
942 _cBOOK
980 _aNB